000 00978nam0a22002531 4500
001 rc\2782033
005 20230529123816.0
035 _a(NLR Aleph) 006908255
090 _a7319721
_c7319721
100 _a20110915d1935 |||y0rusy50 ca
101 0 _arus
102 _aRU
105 _ay z |||||
200 1 _aКонспект по электро-технике, электро-зажиганию и электро-оборудованию автомобилей
_fСост. препод. Е. К. Асеевым
_gРост. н/Д. автомобильная школа "Автодора"
210 _aРостов-на-Дону
_cтип. им. Калинина
_d1935
215 _aОбл., 100 с.
_d20х14 см.
700 1 _aАссеев
_bЕ. К.
712 0 2 _aРостовская на Дону автомобильная школа
801 0 _aRU
_bNLR
_gpsbo
801 1 _aRU
_bELAR
_2rusmarc
852 _aNLR
_j35-3/820
942 _cBOOK
980 _aNB